Same Letter: Holidays Quiz Stats

 Plays Quiz not verified by Sporcle

Support Sporcle.
Go Orange.
Score 0/10 Timer 05:00
0 Plays Today
% Correct
Egg Hunt
62.6%
Maternal Parent
61.6%
1492
55.3%
Feats Of Strength
55%
Gunpowder Plot
52.3%
Surviving War Heroes
48.6%
Turkey
43%
Jewish New Year
38.5%
Seder
36.3%
Lilac Run
30.2%

You're not logged in!

Compare scores with friends on all Sporcle quizzes.
OR
Log In

From the Vault

Country by Fascinating Road

by NO_r_WAY

Fascinating? Yes. Terrifying? Also yes.
Remove Ads.
Support Sporcle.
Get the best of Sporcle when you Go Orange. This ad-free experience offers more features, more stats, and more fun while also helping to support Sporcle. Thank you for becoming a member.

Show Comments

Extras

Top Quizzes Today


Score Distribution

Your Account Isn't Verified!

In order to create a playlist on Sporcle, you need to verify the email address you used during registration. Go to your Sporcle Settings to finish the process.

Report this User

Report this user for behavior that violates our Community Guidelines.

Details: